00359nam a2200121Ia 4500008004100000040001700041041001200058082002200070100001200092245009600104260002400200300001300224230917s9999||||xx |||||||||||||| ||und|| e112316aMAIN aEnglish a910.13014494 S11S aShabnam 0aSpatial and temparal variations in the leveks of literacy among scheduled castes: 1991-2001 aRohtakbM.D.Uc2005 a132 p p.